Ευφυής ανάλυση της θαλάσσιας κίνησης και μεταφοράς για περιβαλλοντικά ασφαλή ναυτιλία : μεταπτυχιακή εργασία
Ανάπτυξη των μεθόδων απεικόνισης και ανάλυσης χωρικών δεδομένων με την χρήση της εξόρυξης πληροφορίας και δημιουργία ενός συστήματος ανάλυσης της θαλάσσιας κίνησης για περιβαλλοντικά ασφαλή ναυτιλία....
Αποθηκεύτηκε σε:
| Κύριος συγγραφέας: | |
|---|---|
| Συγγραφή απο Οργανισμό/Αρχή: | |
| Μορφή: | Thesis Βιβλίο |
| Γλώσσα: | Greek |
| Δημοσίευση: |
2013.
|
| Θέματα: | |
| Διαθέσιμο Online: | http://hdl.handle.net/11610/12479 |
| Ετικέτες: |
Προσθήκη ετικέτας
Δεν υπάρχουν, Καταχωρήστε ετικέτα πρώτοι!
|
MARC
| LEADER | 00000cam a2200000 i 4500 | ||
|---|---|---|---|
| 001 | 1/48262 | ||
| 008 | 140527s2013 gr | ||| |||| ||gre|| | ||
| 035 | |l 10117799 | ||
| 040 | |a GR-MyUA |b gre |e AACR2 | ||
| 041 | 0 | |a gre | |
| 082 | 0 | |a 623.893 |2 (22) | |
| 100 | 1 | |a Σελημίδης, Δημήτρης. | |
| 245 | 1 | 0 | |a Ευφυής ανάλυση της θαλάσσιας κίνησης και μεταφοράς για περιβαλλοντικά ασφαλή ναυτιλία : |b μεταπτυχιακή εργασία / |c του Δημήτρη Σελημίδη ; επιβλέπων καθηγητής Μανώλης Μαραγκουδάκης. |
| 260 | |c 2013. | ||
| 300 | |a 99 σ. : |b εικ. ; |c 30 εκ. | ||
| 502 | |a Διατριβή (μεταπτυχιακή) – Πανεπιστήμιο Αιγαίου, Σάμος, 2013. | ||
| 504 | |a Βιβλιογραφία: σ. 97-99. | ||
| 506 | 0 | |a Διάθεση πλήρους κειμένου - Ελεύθερη πρόσβαση. | |
| 520 | |a Ανάπτυξη των μεθόδων απεικόνισης και ανάλυσης χωρικών δεδομένων με την χρήση της εξόρυξης πληροφορίας και δημιουργία ενός συστήματος ανάλυσης της θαλάσσιας κίνησης για περιβαλλοντικά ασφαλή ναυτιλία. | ||
| 520 | |a Methods of visualization and analysis of spatial data using data mining and development of a web portal offering intelligent analysis of maritime traffic for environmentally safe shipping. | ||
| 540 | |a Κλειδωμένη η δυνατότητα αντιγραφής (copy) του κειμένου. | ||
| 610 | 2 | 0 | |a University of the Aegean |x Dissertations. |
| 650 | 0 | 0 | |a Electronic aids |x marine navigation. |
| 650 | 0 | 0 | |a Ships |x Safety regulations. |
| 650 | 0 | 0 | |a Environmental protection |z Aegean Sea Region. |
| 650 | 0 | 0 | |a Data mining. |
| 650 | 0 | 0 | |a Dissertations, Academic |z Greece. |
| 700 | 1 | |a Μαραγκουδάκης, Εμμανουήλ, |e dgs | |
| 710 | 2 | |a Πανεπιστήμιο Αιγαίου. |b Σχολή Θετικών Επιστημών. |b Τμήμα Μηχανικών Πληροφοριακών και Επικοινωνιακών Συστημάτων. |b Π.Μ.Σ. Τεχνολογίες και Διοίκηση Πληροφοριακών και Επικοινωνιακών Συστημάτων. | |
| 852 | |a INST |b SAMOS |c DIATR |e 20140527 |h 623.893 ΣΕΛ |p 005300036733 |q 005300036733 |t MTXE |y 23 | ||
| 852 | |a INST |b SAMOS |c DIATR |e 20140527 |h 623.893 ΣΕΛ |p 005300036734 |q 005300036734 |t MTXE |y 23 | ||
| 856 | |u http://hdl.handle.net/11610/12479 | ||
| 901 | |a BIBL3-2014-2 | ||
| 909 | |a Σ |b 086487 | ||
| 909 | |a Σ |b 086489 | ||
| 924 | |a ΣΕΛΗΜΙΔΗΣ |b ΔΗΜΗΤΡΗΣ |y Σάμος |z 2013-03 | ||
| 970 | |a ΚΟΣΙΕΡΗΣ |b ΧΡΗΣΤΟΣ |z 2014/05/27 | ||